| 000 | 00337nam a22001457a 4500 | ||
|---|---|---|---|
| 003 | SGT | ||
| 020 | _a9789386456793 | ||
| 082 |
_a342 _bTRI |
||
| 100 | _aTRIPATHI , G.P | ||
| 245 |
_aCONSTITUTIONAL LAW _bNEW CHALLENGES |
||
| 250 | _a2 | ||
| 260 |
_aALLAHABAD _bCENTRAL LAW PUBLICATION _c2021 |
||
| 300 | _aXLVII , 832 | ||
| 942 |
_2ddc _cBK |
||
| 999 |
_c23007 _d23007 |
||